Tvorivé úsilie URBIONU premenené na činy Štvrťstoročie Štátneho inštitútu urbanizmu a územného plánovania

Bibliographic Details
Main Authors: Zibrin, Pavel, 1925-2005 (Author), Ročák, Jaroslav (Author)
Format: Article
Language:Slovak
Subjects:

MARC

LEADER 00000nab a2200000 a 4500
001 vtls000105244
003 SK-MaSNL
005 20260304133550.0
008 111104c1981 xo 0 slo
015 |a SNBRB19rr/mm-uuuuu 
035 |a CL0115347 
040 |a SNKBUCL  |b slo  |c SNKBUCL  |e AACR2 
041 0 |a slo 
044 |a xo  |c SK 
080 |a 71  |2 1981 
080 |a 061.6  |2 1981 
100 1 |a Zibrin, Pavel,  |d 1925-2005  |4 aut  |9 255800 
245 1 0 |a Tvorivé úsilie URBIONU premenené na činy  |b Štvrťstoročie Štátneho inštitútu urbanizmu a územného plánovania  |c Pavol Zibrin, Jaroslav Ročák 
610 7 |a Štátny inštitút urbanizmu a územného plánovania  |2 snkbucl  |9 237384 
650 0 7 |a územné plánovanie  |2 snkbucl  |9 2641 
650 0 7 |a urbanizmus  |2 snkbucl  |9 2925 
651 7 |a 5100  |2 snkbucl  |9 166206 
655 7 |a články z novín a časopisov  |2 snkbucl  |9 267496 
700 1 |a Ročák, Jaroslav  |4 aut  |9 924769 
773 0 |t Technické noviny  |g Roč. 29, č. 51-52 (1981), s. 8 
850 |a Slovenská národná knižnica v Martine  |a MTA001 
852 |a SNK  |b KIS3GCP 
958 |a RK 
992 |a RBX 
999 |c 2902313  |d 2904243